00971nam a22001457a 4500020001800000082001800018100003800036245005800074260005700132300004400189520054100233546001200774650002400786650001500810 a9788119139071 a709.54bCOO-I aCoomaraswamy, Ananda K. eauthor. aIntroduction to Indian Art:c Ananda K. Coomaraswamy  aNew Delhi :bMunshiram Manoharlal Publishers, c2023 a116p.bwhite black illustrations, Index aCoomaraswamy's Introduction to Indian Art traverses the historic panorama of Indian art, from its Indo-Sumerian and Vedic-Mound beginnings to the various peaks reached during the Maurya, Sunga, Andhra, Kusana and Gupta periods and beyond the seas to further India and Indonesia. It is a handbook of immense value both to the beginner and scholar alike. This present reprint, appearing after more than half a century, has been ably edited by Mrs. Coomaraswamy and incorporates new material earmarked for the book by Coomaraswamy himself. aEnglish aArtxHistoryzindia aIndian Art